| 000 | 00426cam a2200169ua 4500 | ||
|---|---|---|---|
| 020 | _cRs 2.50 | ||
| 041 |
_amal _h |
||
| 082 |
_a920.08 _bMAY/SA |
||
| 100 | _aMayer, Edith Patterson . | ||
| 245 |
_aSamadhana Nayakanmar / _cEdith Patterson Mayer. _hTextual Documents |
||
| 260 |
_aThrissur : _bCurrent Books , _c1965. |
||
| 300 | _a301 ; . | ||
| 365 | _aRs 2.50 | ||
| 504 | _a | ||
| 942 | _cBK | ||
| 999 |
_c429 _d429 |
||